<?xml version="1.0" encoding="UTF-8"?>
<record
    xmlns:xsi="http://www.w3.org/2001/XMLSchema-instance"
    xsi:schemaLocation="http://www.loc.gov/MARC21/slim http://www.loc.gov/standards/marcxml/schema/MARC21slim.xsd"
    xmlns="http://www.loc.gov/MARC21/slim">

  <leader>01343nam a2200277Ia 4500</leader>
  <datafield tag="952" ind1=" " ind2=" ">
    <subfield code="0">0</subfield>
    <subfield code="1">0</subfield>
    <subfield code="4">0</subfield>
    <subfield code="7">0</subfield>
    <subfield code="a">04</subfield>
    <subfield code="b">04</subfield>
    <subfield code="d">2011-09-07</subfield>
    <subfield code="l">5</subfield>
    <subfield code="m">2</subfield>
    <subfield code="o">BF721 N55 1987</subfield>
    <subfield code="p">04 003596</subfield>
    <subfield code="r">2014-11-11</subfield>
    <subfield code="s">2014-10-31</subfield>
    <subfield code="t">1</subfield>
    <subfield code="w">2012-06-24</subfield>
    <subfield code="y">LB</subfield>
  </datafield>
  <datafield tag="952" ind1=" " ind2=" ">
    <subfield code="0">0</subfield>
    <subfield code="1">0</subfield>
    <subfield code="4">0</subfield>
    <subfield code="7">0</subfield>
    <subfield code="a">04</subfield>
    <subfield code="b">04</subfield>
    <subfield code="d">2013-04-08</subfield>
    <subfield code="l">2</subfield>
    <subfield code="o">BF721 N55 1987</subfield>
    <subfield code="p">04 004179</subfield>
    <subfield code="r">2016-07-04</subfield>
    <subfield code="s">2016-02-22</subfield>
    <subfield code="t">2</subfield>
    <subfield code="w">2013-04-08</subfield>
    <subfield code="y">LB</subfield>
  </datafield>
  <datafield tag="999" ind1=" " ind2=" ">
    <subfield code="c">62930</subfield>
    <subfield code="d">62930</subfield>
  </datafield>
  <controlfield tag="008">120625s19811987sp            000 0 esp d</controlfield>
  <datafield tag="020" ind1=" " ind2=" ">
    <subfield code="a">8471123134</subfield>
  </datafield>
  <datafield tag="050" ind1="1" ind2="4">
    <subfield code="a">BF721</subfield>
    <subfield code="b">N55 1987</subfield>
  </datafield>
  <datafield tag="100" ind1="1" ind2=" ">
    <subfield code="a">OLER&#xD3;N, Pierre</subfield>
    <subfield code="e">autor</subfield>
  </datafield>
  <datafield tag="245" ind1="1" ind2="3">
    <subfield code="a">El ni&#xF1;o </subfield>
    <subfield code="b"> : Su saber y su saber hacer</subfield>
    <subfield code="c"> / Por Pierre Ol&#xE9;ron... [et al.] </subfield>
  </datafield>
  <datafield tag="250" ind1=" " ind2=" ">
    <subfield code="a">2a. edici&#xF3;n</subfield>
  </datafield>
  <datafield tag="260" ind1="3" ind2=" ">
    <subfield code="a">Espa&#xF1;a </subfield>
    <subfield code="a"> : Madrid</subfield>
    <subfield code="b">: Ediciones Morata </subfield>
    <subfield code="b">: Ministerio de educacion y cultura</subfield>
    <subfield code="c"> , 1987</subfield>
  </datafield>
  <datafield tag="300" ind1=" " ind2=" ">
    <subfield code="a">311 p&#xE1;ginas</subfield>
    <subfield code="c">; 21 cm.</subfield>
  </datafield>
  <datafield tag="500" ind1=" " ind2=" ">
    <subfield code="a">Traduccion de : savoir et savoir faire psychologiques chez l&#x2019;enfant
</subfield>
  </datafield>
  <datafield tag="505" ind1=" " ind2=" ">
    <subfield code="a">Los saberes y saber hacer psicol&#xF3;gicos
Naturales, formas y g&#xE9;nesis 
El conocimiento de los dem&#xE1;s
Adaptaci&#xF3;n a las situaciones sociales
El desarrollo del conocimiento de s&#xED; mismo en el adolescente
El conocimiento de los fen&#xF3;menos psicol&#xF3;gicos </subfield>
  </datafield>
  <datafield tag="519" ind1=" " ind2=" ">
    <subfield code="a">Plan Flexible /</subfield>
    <subfield code="b">Pedagog&#xED;a /</subfield>
    <subfield code="c">Psicolog&#xED;a del Desarrollo Infantil I (B04) /</subfield>
    <subfield code="d">(04 003596)</subfield>
  </datafield>
  <datafield tag="519" ind1=" " ind2=" ">
    <subfield code="a">Educaci&#xF3;n Mixta /</subfield>
    <subfield code="b">Pedagog&#xED;a /</subfield>
    <subfield code="c">Psicolog&#xED;a del Desarrollo Infantil I (B04) /</subfield>
    <subfield code="d">(04 004179)</subfield>
  </datafield>
  <datafield tag="650" ind1="1" ind2="0">
    <subfield code="a">PSICOLOGIA INFANTIL</subfield>
  </datafield>
  <datafield tag="700" ind1="1" ind2=" ">
    <subfield code="a">Beaudichon, Janine</subfield>
    <subfield code="e">autor</subfield>
  </datafield>
  <datafield tag="700" ind1="1" ind2=" ">
    <subfield code="a">Cartron, Annick</subfield>
    <subfield code="e">autor</subfield>
  </datafield>
  <datafield tag="700" ind1="1" ind2=" ">
    <subfield code="a">Danset-Leger, Jacqueline</subfield>
    <subfield code="e">autor</subfield>
  </datafield>
  <datafield tag="700" ind1="1" ind2=" ">
    <subfield code="a">Nguyen-Xuan, Anh</subfield>
    <subfield code="e">autor</subfield>
  </datafield>
  <datafield tag="700" ind1="1" ind2=" ">
    <subfield code="a">Melot, Anne-Marie</subfield>
    <subfield code="e">autor</subfield>
  </datafield>
  <datafield tag="700" ind1="1" ind2=" ">
    <subfield code="a">Winnykamen, Fajda</subfield>
    <subfield code="e">autor</subfield>
  </datafield>
  <datafield tag="942" ind1=" " ind2=" ">
    <subfield code="c">LB</subfield>
  </datafield>
</record>
